Năng lượng mới số 51

Nội dung số này trình bày: PETROVIETNAM giữ vững vị trí trong top 500 doanh nghiệp tăng trưởng nhanh nhất việt nam; mỗi giàn khoan trên biển là một cột mốc chủ quyền;BSR kỳ tích 30 triệu giờ công an toàn; PETROVIETNAM phát triển trở thành tập đo...

Deskribapen osoa

Gorde:
Xehetasun bibliografikoak
Formatua: Liburua
Hizkuntza:Vietnamese
Argitaratua: H. Hội dầu khí Việt Nam 2021
Gaiak:
Etiketak: Etiketa erantsi
Etiketarik gabe, Izan zaitez lehena erregistro honi etiketa jartzen!
Thư viện lưu trữ: Thư viện Trường Đại học Nam Cần Thơ
LEADER 01189nam a22002177a 4500
001 NCT_116110
008 220304b xxu||||| |||| 00| 0 vie d
999 |c 5921  |d 5921 
041 0 |a vie 
082 0 4 |2 23rd ed.  |a 333.79  |b N116L 
245 0 0 |a Năng lượng mới  |n số 51  |c Hội dầu khí Việt Nam 
260 |a H.  |b Hội dầu khí Việt Nam  |c 2021 
300 |c 28cm 
310 |a Phát hành thứ ba hàng tuần 
362 |a 23/03/2021 
520 3 |a Nội dung số này trình bày: PETROVIETNAM giữ vững vị trí trong top 500 doanh nghiệp tăng trưởng nhanh nhất việt nam; mỗi giàn khoan trên biển là một cột mốc chủ quyền;BSR kỳ tích 30 triệu giờ công an toàn; PETROVIETNAM phát triển trở thành tập đoàn kinh tế hàng đầu đất nước 
653 |a Công nghệ kỹ thuật ô tô 
655 |a Tạp chí 
942 |2 ddc  |c CR 
952 |0 0  |1 0  |2 ddc  |4 0  |6 333_790000000000000_N116L  |7 0  |9 23431  |a 000001  |b 000001  |d 2022-04-28  |o 333.79 N116L  |r 2022-04-28  |w 2022-04-28  |y CR 
980 |a Thư viện Trường Đại học Nam Cần Thơ